Vượt qua stress trong cuộc sống thời hiện đại
Sách sẽ cho ta biết được những nguyên nhân gâp ra bệnh Stress từ đó đưa ra những biện pháp và các kỹ thuật thư giãn nhằm chống lại căn bệnh này. Ngoài ra sách còn cung cấp một số kiến thức về chương trình kiểm soát Stress nhằm ngăn chặ...
Wedi'i Gadw mewn:
| Prif Awdur: | |
|---|---|
| Fformat: | Llyfr |
| Iaith: | Undetermined |
| Cyhoeddwyd: |
Thành phố Hồ Chí Minh
Trẻ
2004
|
| Pynciau: | |
| Tagiau: |
Ychwanegu Tag
Dim Tagiau, Byddwch y cyntaf i dagio'r cofnod hwn!
|
| Thư viện lưu trữ: | Trung tâm Học liệu Trường Đại học Cần Thơ |
|---|
| LEADER | 00999nam a2200205Ia 4500 | ||
|---|---|---|---|
| 001 | CTU_124326 | ||
| 008 | 210402s9999 xx 000 0 und d | ||
| 020 | |c 13000 | ||
| 082 | |a 616.98 | ||
| 082 | |b W524 | ||
| 100 | |a Westcott, Patsy | ||
| 245 | 0 | |a Vượt qua stress trong cuộc sống thời hiện đại | |
| 245 | 0 | |c Patsy Westcott ; Huyền Tố biên soạn | |
| 260 | |a Thành phố Hồ Chí Minh | ||
| 260 | |b Trẻ | ||
| 260 | |c 2004 | ||
| 520 | |a Sách sẽ cho ta biết được những nguyên nhân gâp ra bệnh Stress từ đó đưa ra những biện pháp và các kỹ thuật thư giãn nhằm chống lại căn bệnh này. Ngoài ra sách còn cung cấp một số kiến thức về chương trình kiểm soát Stress nhằm ngăn chặn bệnh xuất hiện. | ||
| 650 | |a Stress,Anxiousness | ||
| 904 | |i M.Loan | ||
| 980 | |a Trung tâm Học liệu Trường Đại học Cần Thơ | ||